Statistics for Pooh's Heffalump Movie Characters Quiz

Click here to take the quiz!

General Stats

  • This quiz has been taken 23 times
  • The average score is 7 of 8

Answer Stats

DescriptionCharacter% Correct
A yellow bear who loves honeyWinnie the Pooh
100%
A purple elephant-like creature called a heffalumpLumpy
95%
A baby kangarooRoo
95%
A hyper tiger who bounces on his tailTigger
95%
A mother kangarooKanga
86%
A yellow hopping mammal who likes to keep things neatRabbit
86%
A depressed donkeyEeyore
82%
A little pig who is best friends with Winnie the PoohPiglet
82%

Score Distribution

Percentile by Number Answered

Percent of People with Each Score

Your Score History

You have not taken this quiz